000 00449nam a2200169Ia 4500
008 230711s9999||||xx |||||||||||||| ||und||
020 _a978-81-203-4638-3
041 _aENG
082 _a620.11
_bSH-D
100 _aShetty,M.N
245 0 _aDislocations and Mechancial Behaviour of Materials
250 _a1st Ed.
260 _c2013
_aNew Delhi
_bPHI Learning Private Limited
300 _a975p.
650 _aMechanical Engineering
942 _cBK
999 _c6703
_d6703